[Event "Nuremberg op"]
[Site "Nuremberg"]
[Date "1989.??.??"]
[Round "?"]
[White "Pribyl, Josef"]
[Black "Le Blancq, Simon"]
[Result "1-0"]
[WhiteElo "2405"]
[BlackElo "2260"]

1.c4 b6 2.Nc3 e6 3.e4 Bb7 4.Nf3 Nf6 5.e5 Ne4 6.Nxe4 Bxe4 7.Be2 Be7 8.O-O O-O
9.d4 d6 10.Be3 Nd7 11.exd6 cxd6 12.Rc1 Rc8 13.a3 Qc7 14.Qd2 Qb7 15.b4 Rc7
16.Rc3 Rfc8 17.Rfc1 Nf6 18.Ne1 Bg6 19.f3 e5 20.Nd3 e4 21.Nf2 exf3 22.Bxf3 Ne4
23.Nxe4 Bxe4 24.Bxe4 Qxe4 25.c5 dxc5 26.dxc5 bxc5 27.Bxc5 Bf6 28.Rd3 h6 29.Re1 Qc4
30.Kh1 a6 31.h3 Rc6 32.Qd1 Re6 33.Rxe6 Qxe6 34.Re3 Qc4 35.Qd3 Qc1+ 36.Kh2 Bg5
37.Qxa6 Rd8 38.Re2 Rd1 39.Qa8+ Kh7 40.Qe4+ g6 41.g3 Qxa3 42.Rf2 Qb3 43.h4 Bc1
44.Qe8 Rd2 45.Rxd2 Bxd2 46.Bd4  1-0

[Event "Paris op-1"]
[Site "Paris"]
[Date "1989.??.??"]
[Round "?"]
[White "Mazzoni, Guy"]
[Black "Valenti, Richard"]
[Result "1-0"]
[WhiteElo "2110"]
[BlackElo "2150"]

1.c4 b6 2.Nc3 Bb7 3.d4 e6 4.a3 g6 5.Nf3 Bg7 6.Bg5 Ne7 7.h4 h6 8.Bf4 Bxf3
9.gxf3 Nf5 10.e3 Nxh4 11.Nb5 e5 12.Bxe5 Bxe5 13.dxe5 Na6 14.Qd5 O-O 15.Qe4 Nf5
16.Bh3 Nc5 17.Qc2 Ng7 18.O-O-O a6 19.Nc3 f5 20.f4 c6 21.Bg2 Qe8 22.Rxh6 Nh5
23.Rg1 Kg7 24.Rxh5 gxh5 25.Bxc6+ Kh6 26.Bxa8 Qxa8 27.Nd5 b5 28.Rg5 bxc4 29.Qd1 Qe8
30.Nf6 Rxf6 31.exf6 Nb3+ 32.Kb1  1-0

[Event "Paris-ch"]
[Site "Paris"]
[Date "1989.??.??"]
[Round "6"]
[White "Plachetka, Jan"]
[Black "Prie, Eric"]
[Result "1-0"]
[WhiteElo "2450"]
[BlackElo "2335"]

1.c4 b6 2.Nc3 Bb7 3.d4 e6 4.a3 Nf6 5.d5 Bd6 6.e4 Be5 7.Bd3 Bxc3+ 8.bxc3 Qe7
9.Ne2 Na6 10.O-O Nc5 11.f3 Ba6 12.Bc2 Bxc4 13.Re1 e5 14.Ng3 g6 15.Bh6 O-O-O
16.a4 a5 17.d6 cxd6 18.Rb1 Kc7 19.Qd2 Ne8 20.Nf1 f6 21.Ne3 Qe6 22.Rb2 Rb8
23.Reb1 g5 24.g4 Rg8 25.h4 Rg6 26.Nf5 d5 27.Bf8 d6 28.Rd1 Rg8 29.exd5 Qf7
30.Bh6 gxh4 31.Be3 Rh8 32.Nh6 Qd7 33.Bf5 Qxa4 34.Bxc5 bxc5 35.Rxb8 Kxb8 36.Rb1+ Bb3
37.c4 Qxc4 38.Qxa5 Qd4+ 39.Kg2 c4 40.Ra1 Ng7 41.Qb5+  1-0

[Event "Stavanger op"]
[Site "Stavanger"]
[Date "1989.??.??"]
[Round "7"]
[White "Mednis, Edmar John"]
[Black "King, Daniel J"]
[Result "1/2-1/2"]
[WhiteElo "2450"]
[BlackElo "2500"]

1.c4 b6 2.d4 e6 3.e4 Bb7 4.Bd3 Nc6 5.Nf3 Nb4 6.O-O Ne7 7.Nc3 Nxd3 8.Qxd3 Ng6
9.Re1 Be7 10.d5 O-O 11.Be3 e5 12.Rac1 Bc8 13.Nd2 a5 14.a3 d6 15.b4 f5 16.f3 Nh4
17.Kh1 Rf6 18.c5 bxc5 19.bxc5 Rg6 20.Rg1 Ba6 21.Qc2 f4 22.Bf2 Rh6 23.a4 Qe8
24.Nb5 Nf5 25.h3 Bxb5 26.axb5 Ne3  1/2-1/2

[Event "Uzes op"]
[Site "Uzes"]
[Date "1989.??.??"]
[Round "8"]
[White "Chomet, Pascal"]
[Black "Bricard, Emmanuel"]
[Result "1/2-1/2"]
[WhiteElo "2265"]
[BlackElo "2375"]

1.c4 b6 2.b3 Bb7 3.Bb2 Nf6 4.Nf3 c5 5.e3 g6 6.Be2 Bg7 7.O-O O-O 8.a3 e6 9.d3 Nc6
10.Nbd2 Qe7 11.Qc2 Ne8 12.Bxg7 Nxg7 13.Qb2 f5 14.d4 f4 15.Bd3 fxe3  1/2-1/2

[Event "Hoogovens-B"]
[Site "Wijk aan Zee"]
[Date "1989.??.??"]
[Round "?"]
[White "Rogers, Ian"]
[Black "Lau, Ralf"]
[Result "1-0"]
[WhiteElo "2505"]
[BlackElo "2475"]

1.c4 b6 2.d4 e6 3.e4 Bb7 4.Qc2 Qh4 5.Nd2 Bb4 6.Bd3 f5 7.Nf3 Bxd2+ 8.Bxd2 Qg4
9.Ne5 Qxg2 10.O-O-O fxe4 11.Be2 Nf6 12.Be3 Qh3 13.Rdg1 h6 14.Rxg7 Nc6 15.Ng6 O-O-O
16.Nxh8 Rxh8 17.Qc3 Qf5 18.Rhg1 a6 19.d5 exd5 20.Rf7 Ne5 21.Re7 Nc6 22.Reg7 Kb8
23.c5 b5 24.Rf7 Ne5 25.Rgg7 Re8 26.Bd4 Nxf7 27.Rxf7 Qg5+ 28.Kc2 Nh5 29.Qh3 Nf4
30.Qxd7 Rc8 31.Be3 d4 32.Bxf4 Qxc5+ 33.Kb1 d3 34.Bd1 Bd5 35.Rf5  1-0

[Event "Bad Wildbad"]
[Site "Bad Wildbad"]
[Date "1990.??.??"]
[Round "5"]
[White "Schlosser, Philipp"]
[Black "Bricard, Emmanuel"]
[Result "1-0"]
[WhiteElo "2455"]
[BlackElo "2385"]

1.c4 b6 2.d4 e6 3.a3 Bb7 4.Nc3 f5 5.d5 Nf6 6.g3 a5 7.Bg2 Na6 8.Nh3 Nc5 9.O-O Bd6
10.Nb5 Nce4 11.Nxd6+ Nxd6 12.Bf4 Nde4 13.f3 Nc5 14.d6 cxd6 15.Bxd6 a4 16.Rc1 Bc6
17.Nf4 Nb7 18.Bb4 Rc8 19.e4 Nc5 20.exf5 e5 21.Re1 d6 22.Ne6 Qd7 23.Bh3 Kf7
24.Rc2 Rhe8 25.Rd2 Qb7 26.Rxd6 Nxe6 27.fxe6+ Kg8 28.Bg2 e4 29.fxe4 Bxe4 30.Bxe4 Nxe4
31.Rd7 Qc6 32.Qg4  1-0

[Event "Budapest"]
[Site "Budapest"]
[Date "1990.??.??"]
[Round "12"]
[White "Forintos, Gyozo V"]
[Black "Sulava, Nenad"]
[Result "1-0"]
[WhiteElo "2345"]
[BlackElo "2425"]

1.c4 b6 2.e4 Bb7 3.Nc3 e6 4.d4 Bb4 5.f3 f5 6.exf5 Nh6 7.Be3 Nxf5 8.Bf2 O-O
9.Qd2 Nc6 10.O-O-O Na5 11.Nh3 Qf6 12.Qc2 c5 13.dxc5 Bxc5 14.Bxc5 bxc5 15.Qa4 Nc6
16.Rxd7 Rab8 17.Rd2 Ba8 18.Ne4 Qe5 19.Bd3 Nb4 20.Bb1 Bxe4 21.f4 Nxa2+ 22.Bxa2 Qf6
23.Re1 Ba8 24.Qa5 Rfc8 25.Re5 Qe7 26.Qc3 Rb6 27.Ng5 h6 28.Qd3 Nd4 29.Qh7+  1-0

[Event "Cannes op"]
[Site "Cannes"]
[Date "1990.??.??"]
[Round "9"]
[White "Guglielmi, Riccardo"]
[Black "Bricard, Emmanuel"]
[Result "0-1"]
[WhiteElo "2100"]
[BlackElo "2375"]

1.c4 b6 2.Nc3 Bb7 3.e4 e6 4.d4 Bb4 5.Bd3 f5 6.Qe2 Nf6 7.Bg5 h6 8.Bxf6 Qxf6
9.Nf3 Nc6 10.O-O O-O-O 11.a3 Bf8 12.e5 Qg6 13.d5 Ne7 14.Rfd1 Kb8 15.b4 Qf7
16.d6 cxd6 17.exd6 Ng6 18.c5 Nf4 19.Qe3 g5 20.Rac1 Nxg2 21.Kxg2 Qh5 22.Be4 fxe4
23.Ne5 Bg7 24.Nc4 Rhf8 25.cxb6 a6 26.Kf1 Rc8 27.Ne2 Rf3 28.Qd2 Qxh2 29.Nd4 Rd3  0-1

[Event "Clichy"]
[Site "Clichy"]
[Date "1990.??.??"]
[Round "3"]
[White "Gilles, Raphael"]
[Black "Grimberg, Gilbert"]
[Result "1-0"]
[WhiteElo "2200"]
[BlackElo "2320"]

1.c4 b6 2.b3 Bb7 3.Bb2 Nf6 4.Nf3 c5 5.g3 e6 6.Bg2 Be7 7.O-O O-O 8.Nc3 d5
9.Ne5 Nbd7 10.d4 cxd4 11.Qxd4 Bc5 12.Qf4 Nxe5 13.Qxe5 Rb8 14.Rad1 Nd7 15.Qf4 e5
16.Qf5 d4 17.Nd5 Nf6 18.b4 Nxd5 19.bxc5 Ne7 20.Qxe5 Bxg2 21.Rxd4 Nc6 22.Qxg7+ Kxg7
23.Rxd8+ f6 24.Rxf8 Rxf8 25.Kxg2 bxc5 26.Rd1 Na5 27.Ba3 Nxc4 28.Bxc5 Rf7
29.Rd4 Nb6 30.Rg4+ Kh8 31.Rb4 Rb7 32.a4 Rd7 33.Bxb6 axb6 34.Rxb6 Kg7 35.Kf3 Rd2
36.Rb4 Ra2 37.g4 Kg6 38.h3 h5 39.gxh5+ Kxh5 40.e3 f5 41.Rf4 Kg5 42.Kg3 Ra1
43.h4+ Kf6 44.Kf3 Rh1 45.Ke2 Ke5 46.Kd3 Rc1 47.Kd2  1-0

[Event "Clichy"]
[Site "Clichy"]
[Date "1990.??.??"]
[Round "7"]
[White "Papacek, Stepan"]
[Black "Prie, Eric"]
[Result "1-0"]
[WhiteElo "2320"]
[BlackElo "2435"]

1.c4 b6 2.d4 e6 3.e4 Bb7 4.Bd3 Qh4 5.Nd2 Bb4 6.Nf3 Bxd2+ 7.Bxd2 Qg4 8.Qe2 f5
9.h3 Qxg2 10.O-O-O Nf6 11.Nh4 Qxh1 12.Rxh1 fxe4 13.Rg1 exd3 14.Qe5 Kf7 15.d5 Na6
16.Bc3 Raf8 17.dxe6+ dxe6 18.Rxg7+  1-0

[Event "Copenhagen Johansen"]
[Site "Copenhagen"]
[Date "1990.??.??"]
[Round "7"]
[White "Weyrich, Morten"]
[Black "Auchenberg, Per"]
[Result "1-0"]
[WhiteElo "2330"]
[BlackElo "2230"]

1.c4 b6 2.d4 e6 3.Nc3 Bb4 4.Qb3 a5 5.a3 Be7 6.e4 Bb7 7.Nf3 d6 8.d5 Nd7 9.Be3 e5
10.c5 dxc5 11.Bb5 Bd6 12.O-O h6 13.Bc6 Bxc6 14.dxc6 Ndf6 15.Rad1 Ng4 16.Bc1 Qe7
17.Nd2 N8f6 18.Nc4 O-O 19.h3 a4 20.Qc2 h5 21.Bg5 Qe6 22.Nxd6 cxd6 23.hxg4 Nxg4
24.f3 Nf6 25.Bxf6 Qxf6 26.Nd5 Qd8 27.c7 Qg5 28.Qd2  1-0

[Event "BCF-ch"]
[Site "Eastbourne"]
[Date "1990.??.??"]
[Round "?"]
[White "Webster, Andrew"]
[Black "King, Daniel J"]
[Result "0-1"]
[WhiteElo "2275"]
[BlackElo "2515"]

1.c4 b6 2.d4 e6 3.e4 Bb7 4.Qc2 Qh4 5.Nd2 Bb4 6.Bd3 f5 7.Nf3 Qh5 8.a3 Bxd2+
9.Bxd2 Nf6 10.exf5 Bxf3 11.gxf3 Nc6 12.Be3 e5 13.dxe5 Nxe5 14.O-O-O Nxd3+
15.Qxd3 Qxf3 16.Rhg1 O-O-O 17.Rxg7 Rhf8 18.c5 Qc6 19.Qc2 b5 20.Bd4 a6 21.Be5 Ne4
22.Rxh7 Rxf5 23.f4 Qxc5 24.Qxc5 Nxc5 25.Bd4 Rxf4 26.Bxc5 Rc4+ 27.Kb1 Rxc5
28.h4 d6 29.Rd2 Rf8 30.Ka2 a5 31.h5 Rf1 32.Rh2 Rcc1 33.Rh8+ Kb7 34.h6 a4
35.b4 Rh1  0-1

[Event "Capablanca mem-B"]
[Site "Havana"]
[Date "1990.??.??"]
[Round "?"]
[White "Hernandez, Roman"]
[Black "Damaso, Rui"]
[Result "1/2-1/2"]
[WhiteElo "2445"]
[BlackElo "2385"]

1.c4 b6 2.Nc3 c5 3.Nf3 Bb7 4.e3 e6 5.d4 cxd4 6.Nxd4 Nf6 7.Bd3 Be7 8.O-O d5
9.cxd5 Nxd5 10.Re1 O-O 11.a3 Nd7 12.Ne4 Rc8 13.h4 Qc7  1/2-1/2

[Event "JUG-sf"]
[Site "Kladovo"]
[Date "1990.??.??"]
[Round "11"]
[White "Jacimovic, Dragoljub"]
[Black "Sulava, Nenad"]
[Result "1/2-1/2"]
[WhiteElo "2400"]
[BlackElo "2425"]

1.c4 b6 2.Nc3 Bb7 3.d4 e6 4.Nf3 Bb4 5.Qc2 c5 6.a3 Ba5 7.dxc5 bxc5 8.Bg5 Qb6
9.O-O-O Nf6 10.Bf4 Bxc3 11.Qxc3  1/2-1/2

[Event "Luxembourg op"]
[Site "Luxembourg"]
[Date "1990.??.??"]
[Round "4"]
[White "Mednis, Edmar John"]
[Black "Plaskett, Jim"]
[Result "1/2-1/2"]
[WhiteElo "2440"]
[BlackElo "2470"]

1.c4 b6 2.d4 Bb7 3.Nc3 e6 4.a3 f5 5.Nf3 Nf6 6.g3 g6 7.Bg2 Bg7 8.O-O O-O 9.b4 Qe7
10.Bb2 a5 11.Qb3 d6 12.Rac1 Nbd7 13.Rfd1 Ne4 14.e3 Ndf6 15.Nxe4 Bxe4 16.d5 Bxf3
17.Bxf3 e5 18.c5 bxc5 19.bxc5 Rab8 20.cxd6 cxd6 21.Qc2 Nd7 22.Be2 Nc5 23.Bc3 Nb3
24.Rb1 a4 25.Bc4 Qc7 26.Bb4 Nc5 27.Bf1 f4 28.Bxc5 fxe3 29.Qc4 Rxb1 30.Rxb1 Rc8
31.fxe3 Qxc5 32.Qxc5 Rxc5 33.Rb4 Bh6 34.e4 Be3+ 35.Kh1 Rc1 36.Kg2 Rc2+ 37.Kh1 Rc1  1/2-1/2

[Event "Lyon op"]
[Site "Lyon"]
[Date "1990.??.??"]
[Round "?"]
[White "Joksimovic, Dragoljub"]
[Black "Bricard, Emmanuel"]
[Result "1/2-1/2"]
[WhiteElo "2275"]
[BlackElo "2375"]

1.c4 b6 2.Nc3 Bb7 3.e4 e6 4.g3 f5 5.Bg2 Nf6 6.d3 Bb4 7.Ne2 O-O 8.O-O Na6
9.exf5 Bxg2 10.Kxg2 exf5 11.Nf4 c6 12.a3 Bxc3 13.bxc3 Nc7 14.a4 Re8 15.a5 Ne6
16.Nxe6 dxe6 17.Bg5 h6 18.Bxf6 Qxf6 19.axb6  1/2-1/2

[Event "Wch U26"]
[Site "Odessa"]
[Date "1990.??.??"]
[Round "53"]
[White "San Segundo, Pablo"]
[Black "Cools, Gorik"]
[Result "1/2-1/2"]
[WhiteElo "2405"]
[BlackElo "2265"]

1.c4 b6 2.Nf3 Bb7 3.g3 e6 4.Bg2 f5 5.O-O Nf6 6.b3 Be7 7.Bb2 O-O 8.d3 Na6
9.Nbd2 Qe8 10.e3 Rb8 11.Qe2 h6 12.a3 Nh7 13.b4 Bf6 14.Bxf6 Rxf6 15.d4 c5
16.Rab1 g5 17.bxc5 bxc5 18.Nxg5 hxg5 19.Rxb7 Rxb7 20.Bxb7 Nc7 21.dxc5 Rh6
22.f4 Qe7 23.fxg5 Nxg5 24.Nf3 Nf7 25.Rd1 Nd8 26.Bc8 Qxc5 27.Bxd7 Nf7 28.Qd3 Rg6
29.Kg2 Rg4 30.Re1 Re4 31.Kf2 a6  1/2-1/2

[Event "Paris-ch"]
[Site "Paris"]
[Date "1990.??.??"]
[Round "?"]
[White "Gruenfeld, Yehuda"]
[Black "Prie, Eric"]
[Result "0-1"]
[WhiteElo "2530"]
[BlackElo "2435"]

1.c4 b6 2.Nc3 e6 3.e4 Bb7 4.d4 Bb4 5.Bd3 f5 6.Qh5+ g6 7.Qe2 Nf6 8.Bg5 fxe4
9.Bxe4 Nxe4 10.Bxd8 Nxc3 11.bxc3 Bxc3+ 12.Kf1 Bxa1 13.Bxc7 Bxd4 14.Nf3 Bc5
15.Qe5 O-O 16.Bxb8 Raxb8 17.h4 Rbc8 18.h5 Rf5 19.Qc3 Bxf3 20.gxf3 g5 21.Qd3 Rc7
22.Rg1 Be7 23.Rg4 Kf7 24.Rd4 Ke8 25.Rg4 h6 26.Kg2 Bf6 27.Re4 Ke7 28.Kg3 Be5+
29.Kg2 d6 30.Re2 Kf7 31.Re4 Kg7 32.Re3 Rcf7 33.Qe4 g4 34.f4 Bxf4 35.Qxe6 Bxe3
36.fxe3 Rxh5 37.Qxd6 Rg5 38.e4 g3 39.e5 Rf2+ 40.Kg1 g2  0-1

[Event "World op"]
[Site "Philadelphia"]
[Date "1990.??.??"]
[Round "6"]
[White "McKenna, Geoffrey"]
[Black "Weinberger, Tibor"]
[Result "1-0"]
[WhiteElo "2240"]
[BlackElo "2260"]

1.c4 b6 2.d4 c5 3.d5 d6 4.Nf3 Nf6 5.Nc3 g6 6.e4 Bg7 7.Be2 O-O 8.Bg5 Bg4 9.O-O Bxf3
10.Bxf3 Nbd7 11.Qd2 a6 12.Be2 Rb8 13.a4 Ne8 14.f4 Bd4+ 15.Kh1 Ng7 16.Bd3 f5
17.Rae1 Bf6 18.Bh6 Rf7 19.Re2 fxe4 20.Nxe4 Nf5 21.Nxf6+ Nxf6 22.Bg5 Nd4 23.Ree1 Qd7
24.a5 bxa5 25.Qxa5 Rxb2 26.Qxa6 Qg4 27.Rg1 Nf3 28.Bh6 Kh8 29.Qa8+ Ng8 30.Qa1 Rf6
31.Rxe7 Nxe7 32.Qxb2 Nd4 33.Qb7 Rf7 34.Qc7 Qh5 35.Re1 Qxh6 36.Rxe7 Qh4 37.Qd8+ Kg7
38.Rxf7+ Kxf7 39.Qxh4  1-0

[Event "Porz op24"]
[Site "Porz"]
[Date "1990.??.??"]
[Round "4"]
[White "Schneider, B."]
[Black "Auer, Martin"]
[Result "1-0"]
[WhiteElo "2460"]
[BlackElo "2250"]

1.c4 b6 2.Nc3 e6 3.e4 c5 4.g3 Bb7 5.Bg2 Nf6 6.Nge2 Be7 7.O-O Qc8 8.d4 cxd4
9.Nxd4 a6 10.e5 Bxg2 11.Kxg2 Qb7+ 12.Qf3 Qxf3+ 13.Nxf3 Ng4 14.h3 Nh6 15.Be3 Bd8
16.g4 O-O 17.Rfd1 Kh8 18.Na4 b5 19.cxb5 axb5 20.Nc5 Bb6 21.Nxe6 fxe6 22.Bxb6 Nf7
23.a3 Nc6 24.Rxd7 Nfxe5 25.Nxe5 Nxe5 26.Rb7 Ng6 27.Rd1 Rab8 28.Rdd7 Rxb7
29.Rxb7 Nf4+ 30.Kg3 Nd3 31.Be3 e5 32.Rxb5  1-0

[Event "Toulouse op"]
[Site "Toulouse"]
[Date "1990.??.??"]
[Round "4"]
[White "Bricard, Emmanuel"]
[Black "Tagnon, Nicole"]
[Result "1-0"]
[WhiteElo "2375"]
[BlackElo "2115"]

1.c4 b6 2.d4 e6 3.a3 Bb7 4.Nc3 Nf6 5.d5 d6 6.g3 c5 7.Bg2 Be7 8.Nf3 exd5 9.cxd5 O-O
10.O-O Na6 11.h3 Nc7 12.e4 Re8 13.Re1 b5 14.b4 Nd7 15.Rb1 Bf6 16.Bb2 c4 17.Qc2 a5
18.Kh2 Qb8 19.Re2 Bc8 20.Ne1 axb4 21.axb4 Na6 22.Bc1 Nc7 23.Rd2 Qb6 24.Kg1 Bb7
25.Rd1 Qa7 26.Bb2 Qb6 27.Ra1 Na6 28.Na2 Bxb2 29.Qxb2 Nc7 30.Nc3 Nf6 31.Rxa8 Bxa8
32.Qd2 Bb7 33.Kh2 Nd7 34.f4 f6 35.Nc2 Ra8 36.h4 Qa6 37.g4 Nb6 38.g5 Na4 39.gxf6 gxf6
40.Ne2 Kf7 41.Ned4 Rg8 42.Qe2 Bc8 43.Qh5+ Kg7 44.Rg1 Kh8 45.Qf7 Ne8 46.Bh3 Ng7
47.Be6 Bxe6 48.Nxe6 Qb6 49.Ncd4  1-0

[Event "Val Thorens op"]
[Site "Val Thorens"]
[Date "1990.??.??"]
[Round "6"]
[White "Popchev, Milko"]
[Black "Prie, Eric"]
[Result "1/2-1/2"]
[WhiteElo "2400"]
[BlackElo "2435"]

1.c4 b6 2.b3 Bb7 3.Bb2 e6 4.Nf3 Nf6 5.e3 c5 6.Be2 d6 7.O-O Nbd7 8.d4 a6 9.Nc3 Be7
10.Qc2 O-O 11.Rfd1 Re8 12.Rac1 Rc8  1/2-1/2

[Event "Vienna op"]
[Site "Vienna"]
[Date "1990.??.??"]
[Round "1"]
[White "Titz, Heimo"]
[Black "Kengis, Edvins"]
[Result "0-1"]
[WhiteElo "2215"]
[BlackElo "2545"]

1.c4 b6 2.Nf3 Bb7 3.g3 Bxf3 4.exf3 c5 5.d4 cxd4 6.Qxd4 Nc6 7.Qd2 e6 8.Nc3 Rc8
9.b3 Qf6 10.f4 d5 11.Bb2 d4 12.Ne4 Qg6 13.Qe2 Bb4+ 14.Kd1 Nh6 15.Qf3 O-O
16.Bd3 f5 17.a3 Ng4 18.Ke2 Nge5 19.fxe5 Nxe5 20.Nf6+ gxf6 21.Bxf5 exf5 22.Qd5+ Kh8
23.axb4 Rcd8 24.Qg2 f4 25.Kd2 Qd3+ 26.Kc1 Qxb3 27.Kb1 Nxc4  0-1

[Event "Werfen"]
[Site "Werfen"]
[Date "1990.??.??"]
[Round "2"]
[White "Fahrner, Kurt"]
[Black "Bachler, Reinhardt"]
[Result "1-0"]
[WhiteElo "2290"]
[BlackElo "2340"]

1.c4 b6 2.Nf3 Bb7 3.g3 Nf6 4.Bg2 e6 5.O-O Be7 6.Nc3 O-O 7.Rb1 Ne4 8.Nxe4 Bxe4
9.d3 Bb7 10.b4 Na6 11.a3 c5 12.b5 Nc7 13.a4 a6 14.a5 bxa5 15.b6 Ne8 16.Qa4 Bc6
17.Qxa5 Qc8 18.Be3 d6 19.d4 cxd4 20.Nxd4 Bxg2 21.Kxg2 Qb7+ 22.f3 Nf6 23.Nb3 Ng4
24.Bg1 Ne5 25.c5 Nc6 26.Qa4 a5 27.cxd6 Bxd6 28.Rfd1 Bb4 29.Nc5 Bxc5 30.Bxc5 Rfd8
31.Bd6 h6 32.Rbc1 Ne7 33.Bxe7 Rxd1 34.Qxd1 Qxe7 35.Rc7 Qe8 36.b7 Rb8 37.Qc2  1-0

[Event "Anapa"]
[Site "Anapa"]
[Date "1991.??.??"]
[Round "?"]
[White "Sher, Miron N"]
[Black "Chatalbashev, Boris"]
[Result "1-0"]
[WhiteElo "2450"]
[BlackElo "2390"]

1.c4 b6 2.d4 e6 3.a3 Bb7 4.Nc3 Nf6 5.d5 d6 6.Nf3 Nbd7 7.g3 g6 8.Bg2 Bg7 9.O-O Qc8
10.Rb1 O-O 11.b4 Nxd5 12.cxd5 Bxc3 13.dxe6 fxe6 14.Qb3 Bg7 15.Qxe6+ Kh8 16.Bb2 Bxb2
17.Rxb2 Bxf3 18.Bxf3 Ne5 19.Bd5 Qxe6 20.Bxe6 Rfe8 21.Ba2 a5 22.f4 Ng4 23.Bd5 Rab8
24.Bc6 Rf8 25.b5 g5 26.Rb3 gxf4 27.gxf4 Rf7 28.h3 Nf6 29.e3 Rg8+ 30.Kh2 Rfg7
31.Bf3 Re7 32.Rd3 h5 33.Rg1 Rxg1 34.Kxg1 Kg7 35.Rc3 Kg6 36.Kf2 Kf5 37.Rc4 h4
38.Bb7 Rf7 39.Kf3 Kg6 40.Bc8 Rg7 41.Be6 Nd7 42.Bxd7 Rxd7 43.Kg4 Kf6 44.Kxh4 Rh7+
45.Kg4 Rg7+ 46.Kf3 Rh7 47.Ke4 Ke6 48.Rc1 a4 49.Kd4 Rxh3 50.Rxc7 Rh5 51.e4 Rxb5
52.f5+ Kf6 53.Rd7 Rb3 54.Rxd6+ Ke7 55.e5 Rb1 56.f6+  1-0

[Event "Biel op (Women)"]
[Site "Biel"]
[Date "1991.??.??"]
[Round "2"]
[White "Foisor, Cristina Adela B"]
[Black "Nagrocka, Ewa"]
[Result "1/2-1/2"]
[WhiteElo "2305"]
[BlackElo "2165"]

1.c4 b6 2.Nf3 Bb7 3.g3 Bxf3 4.exf3 e6 5.Bg2 c6 6.O-O g6 7.Nc3 Bg7 8.d4 d5
9.cxd5 cxd5 10.Qa4+ Qd7 11.Nb5 Kf8 12.b3 Ne7 13.Ba3 Bf6 14.Rac1 a6 15.Nc3 b5
16.Qb4 Nc6 17.Qd6 Qxd6 18.Bxd6 Nxd4 19.Bxe7+ Kxe7 20.Rfe1 Kd6 21.Ne2 Rac8
22.Nxd4 Bxd4 23.f4 Bb2 24.Rxc8 Rxc8 25.Bf1 Ba3 26.Bd3 Rc3 27.Rd1 Kc5 28.Kf1 Kb4
29.Ke2 Bc1 30.Bb1 Ka3 31.Rd3 Rc7 32.b4+ Kxb4 33.Rb3+ Ka5 34.Kd1 b4 35.Bc2 Ba3
36.Rb1 Rc5 37.Kd2 f6 38.h4 e5 39.fxe5 fxe5 40.h5 e4 41.hxg6 hxg6 42.f3 e3+
43.Kd1 g5 44.Bd3 d4 45.Ke2 Kb6 46.Rh1 a5 47.Rh6+ Kc7 48.f4 gxf4 49.gxf4 a4
50.Rh7+ Kd8 51.Rh8+ Ke7 52.Rh7+ Kf8 53.Rh8+ Kg7 54.Rh7+ Kg8 55.Rd7 Bb2 56.Rb7 Bc3
57.f5 Rc6 58.Be4 Rh6 59.Kd3 Kf8 60.Bd5 Ra6 61.Bc4 b3 62.axb3 axb3 63.Bxa6 b2
64.Rb8+ Ke7 65.f6+ Kxf6 66.Rf8+ Ke5 67.Rf1 b1=Q+ 68.Rxb1 Ba1 69.Ke2  1/2-1/2

[Event "Spring op"]
[Site "Budapest"]
[Date "1991.??.??"]
[Round "1"]
[White "Arbakov, Valentin"]
[Black "Mihalko, Jozsef"]
[Result "0-1"]
[WhiteElo "2485"]
[BlackElo "2235"]

1.c4 b6 2.d4 e6 3.e4 Bb7 4.Nc3 Bb4 5.f3 f5 6.exf5 Nh6 7.fxe6 O-O 8.Nh3 Qh4+
9.Nf2 Ng4 10.Qc2 Nc6 11.Qd2 Rae8 12.d5 Bc5 13.Ne4 Nxf2 14.Nxc5 Nxh1+ 15.g3 Nxg3
16.hxg3 Qxg3+ 17.Qf2 Qxf2+ 18.Kxf2 bxc5 19.exd7 Rd8 20.dxc6 Bxc6 21.Be2 Rxd7
22.Be3 Rf5 23.f4 Rd8 24.Bg4 Rf6 25.b3 a5 26.Rg1 a4 27.Bd1 axb3 28.Bxb3 h6
29.Bc2 Ra8 30.Ra1 g5 31.a4 Rb8 32.Ra2 Kf7 33.Bd3 Rb3 34.Be2 gxf4 35.Bxc5 f3
36.Bf1 Bb7 37.Bd4 Rg6 38.Be5 c5 39.Rd2 Bc6 40.a5 Ra3 41.Bc7 Ra1 42.Be5 Rxa5
43.Bd6 Ra1 44.Bxc5 Rg2+ 45.Bxg2 fxg2 46.Ke2 g1=Q 47.Bxg1 Rxg1 48.Rd6 Rg6  0-1

[Event "BUL-ch"]
[Site "?"]
[Date "1991.??.??"]
[Round "4"]
[White "Kurtenkov, Atanas"]
[Black "Chatalbashev, Boris"]
[Result "1-0"]
[WhiteElo "2365"]
[BlackElo "2385"]

1.c4 b6 2.e4 Bb7 3.Nc3 e6 4.Nf3 c5 5.b3 g5 6.h3 Bg7 7.d4 Nc6 8.Bxg5 Qb8 9.Be3 cxd4
10.Nxd4 Qe5 11.Ndb5 a6 12.f4 Qb8 13.Nd6+ Ke7 14.e5 Nxe5 15.fxe5 Bxe5 16.Nde4 f5
17.Bg5+ Kf8 18.Qxd7 fxe4 19.O-O-O Qc8 20.Be2 Qxd7 21.Rxd7 Bc6 22.Rf1+ Ke8
23.Rdf7 Bxc3 24.Bh5 Nf6 25.R1xf6 Bxf6 26.Bxf6 Rg8 27.Rxh7+  1-0

[Event "Politicen Cup"]
[Site "Copenhagen"]
[Date "1991.??.??"]
[Round "?"]
[White "Anderson, Renard"]
[Black "Stangl, Anita"]
[Result "0-1"]
[WhiteElo "2245"]
[BlackElo "2100"]

1.c4 b6 2.Nc3 Bb7 3.Nf3 e6 4.g3 Bxf3 5.exf3 c5 6.Bg2 Nc6 7.f4 Nge7 8.O-O Nf5
9.d3 Be7 10.Be4 Nfd4 11.Nb5 Rc8 12.Be3 d5 13.Bg2 Nf5 14.cxd5 exd5 15.Bd2 O-O
16.Nc3 d4 17.Ne4 Nd6 18.Nxd6 Qxd6 19.Qf3 b5 20.b3 Bd8 21.a4 bxa4 22.Rxa4 a5
23.Rc1 Bb6 24.Rac4 Rfe8 25.Qg4 g6 26.Bxc6 Rxc6 27.Qf3 Rc7 28.f5 Qf6 29.Ra4 Ra7
30.Rca1 Re5 31.Bf4 Rxf5 32.Qe2 Re7 33.Qf1 Qe6 34.Bd2 Qxb3 35.Bxa5 Bxa5 36.Rxa5 Rfe5
37.Rc1 Qb4 38.Raa1 Re2 39.Rab1 Qa3 40.Rd1 Qa2 41.Re1 Qd2 42.Rxe2 Rxe2 43.Rd1 Qc2
44.Re1 Rd2 45.Qg2 Qxd3 46.Qc6 Qf5 47.f4 Kg7 48.Qd6 c4 49.h3 c3 50.g4 Qf6
51.Qc7 Qh4 52.Qe5+ Kh6 53.g5+ Kh5  0-1

[Event "Politicen Cup"]
[Site "Copenhagen"]
[Date "1991.??.??"]
[Round "?"]
[White "Andreasen, Per"]
[Black "Brendel, Oliver"]
[Result "1/2-1/2"]
[WhiteElo "2275"]
[BlackElo "2325"]

1.c4 b6 2.Nc3 e6 3.Nf3 Bb7 4.g3 Bxf3 5.exf3 c5 6.Bg2 Nc6 7.f4 Nge7 8.b3 Nf5
9.Bb2 Be7 10.Ne4 O-O 11.O-O a6 12.d3 Nfd4 13.Qd2 f5 14.Nc3 Bf6 15.Ne2 Nxe2+
16.Qxe2 Bxb2 17.Qxb2 Nd4 18.b4 Rb8 19.Rab1 Qc7 20.Rfe1 Qd6 21.a3 a5 22.h4 Rfc8
23.Re5 Qf8 24.Kh2 Kf7 25.Qc3 d6 26.Ree1 Qd8 27.Rb2 Qc7 28.bxa5 bxa5 29.Reb1 Rxb2
30.Qxb2 a4 31.Qb6 Qxb6 32.Rxb6 Nc2 33.Rxd6 Nxa3 34.Ra6 Nc2 35.Rxa4 Rc7 36.Kg1 Ne1
37.Ra3 Rd7 38.Ra5 Rc7 39.Bf1 Nf3+ 40.Kg2 Ne1+ 41.Kh3 Kf6 42.Be2 Nc2 43.Kg2 Ke7
44.Kf3 Kf6 45.Bd1 Nd4+ 46.Ke3 Ke7 47.Ba4 Kd6 48.Ra6+ Ke7 49.Ra5  1/2-1/2

[Event "DEN-chT"]
[Site "DEN"]
[Date "1991.??.??"]
[Round "3"]
[White "Rasmussen, Karsten"]
[Black "Brautsch, Soren"]
[Result "1-0"]
[WhiteElo "2440"]
[BlackElo "2230"]

1.c4 b6 2.Nc3 e6 3.e4 Bb4 4.Qb3 Nc6 5.Nf3 Nf6 6.e5 Ng8 7.d4 d6 8.Bd3 Nge7
9.a3 Bxc3+ 10.Qxc3 Ng6 11.Be4 Bb7 12.h4 Qd7 13.h5 Nge7 14.h6 g6 15.Bg5 d5
16.cxd5 Nxd5 17.Qd2 Na5 18.Rd1 Bc6 19.O-O Rg8 20.Bxd5 Bxd5 21.Nh2 Qb5 22.Ng4 Kf8
23.Bf6 Nc4 24.Qg5  1-0

[Event "NLD-ch (Women)"]
[Site "Dieren"]
[Date "1991.??.??"]
[Round "1"]
[White "Jansen, Peggy"]
[Black "De Kleuver, Esther"]
[Result "1/2-1/2"]
[WhiteElo "2100"]
[BlackElo "2120"]

1.c4 b6 2.Nf3 Bb7 3.Nc3 e6 4.d4 Bb4 5.Bg5 f6 6.Bd2 f5 7.a3 Be7 8.g3 Nf6 9.Bg2 O-O
10.O-O Ne4 11.Rc1 d6 12.Bf4 Nd7 13.Nxe4 Bxe4 14.Qd2 h6 15.h4 Qe8 16.Rfd1 Rd8
17.Qc3 Bf6 18.Qb3 Qe7 19.Qa4 a5 20.c5 dxc5 21.Bxc7 Rc8 22.Be5 Bc6  1/2-1/2

[Event "NLD-ch (Women)"]
[Site "Dieren"]
[Date "1991.??.??"]
[Round "9"]
[White "Belle, Erika"]
[Black "Harmsen, Jessica"]
[Result "0-1"]
[WhiteElo "2100"]
[BlackElo "2190"]

1.c4 b6 2.Nc3 e6 3.d4 Bb4 4.Bd2 f5 5.e4 fxe4 6.Qg4 Nf6 7.Qxg7 Rg8 8.Qh6 Rg6
9.Qe3 Bb7 10.h3 Nc6 11.Nge2 e5 12.Nxe4 exd4 13.Nxf6+ Kf7 14.Qe8+ Qxe8 15.Nxe8 Rxe8
16.O-O-O Bd6 17.Nf4 Rf6 18.Nd3 Ne5 19.Nxe5+ Rxe5 20.f3 Rg6 21.f4 Re7 22.Bd3 Rxg2
23.Rhg1 Rxg1 24.Rxg1 Be4 25.Be2 Bf5 26.Bh5+ Kf8 27.h4 Rg7 28.Rg5 Rxg5 29.hxg5 c5
30.b3 Ke7 31.a3 Ke6 32.Bf3 Kf7 33.Bh5+ Ke7 34.Bf3 Bc7 35.b4 Kf7 36.Bh5+ Ke6
37.Bf3 Bd3 38.Bg4+ Ke7 39.bxc5 bxc5 40.Kb2 Bxc4 41.Bf5 Bg8 42.Kc2 c4 43.Be4 d5
44.Bf5 d3+ 45.Kd1 d4 46.Bc1 Ba5 47.Be4 Kd6 48.a4 Bb4 49.Bb2 Bd5 50.Bxd3 cxd3
51.Bxd4 Bf3+  0-1

[Event "BL2-SW9091"]
[Site "Germany"]
[Date "1991.??.??"]
[Round "?"]
[White "Reinhardt, Bernd"]
[Black "Schmitzer, Klaus"]
[Result "1/2-1/2"]
[WhiteElo "2255"]
[BlackElo "2335"]

1.c4 b6 2.Nc3 e6 3.e4 Bb7 4.Nf3 Bb4 5.Bd3 Na6 6.Qe2 Nf6 7.Bc2 d6 8.Nd1 d5
9.exd5 O-O 10.dxe6 Nh5 11.Qe5 g6  1/2-1/2

[Event "Regionalliga NordS"]
[Site "Germany"]
[Date "1991.??.??"]
[Round "?"]
[White "Lau, Dietmar"]
[Black "Forintos, Gyozo V"]
[Result "0-1"]
[WhiteElo "2250"]
[BlackElo "2360"]

1.c4 b6 2.Nf3 Bb7 3.e3 c5 4.Be2 g6 5.O-O Bg7 6.d4 Nf6 7.Nc3 cxd4 8.Nxd4 O-O
9.b3 d5 10.Ba3 dxc4 11.bxc4 Nbd7 12.Bf3 Bxf3 13.Qxf3 Ne5 14.Qb7 Qc8 15.Qxe7 Nxc4
16.Bc1 Rd8 17.Qb4 a6 18.a4 Qc7 19.h3 Rac8 20.Nce2 Nd5 21.Qb1 Qe7 22.Qd3 Qe8
23.Qb3 Na5 24.Qb1  0-1